La justice restaurative: pour une approche plus humaine du crime

Saved in:  
Bibliographic Details
Main Author: Fournier, May (Author)
Format: Print Book
Language:French
Published: Paris L'Harmattan [2024]
In:Year: 2024
Online Access: Table of Contents
Check availability: HBZ Gateway
Book acquisition:Place book order
Subito Delivery Service: Order now.
Keywords:

MARC

LEADER 00000cam a2200000 c 4500
001 191241841X
003 DE-627
005 20260217220642.0
007 tu
008 241216s2024 fr ||||| 00| ||fre c
010 |a  2025372826 
020 |a 9782336481845  |q  : 17.00 EUR 
035 |a (DE-627)191241841X 
035 |a (DE-599)KXP191241841X 
035 |a (ZDB-21-EIL)5886665 
040 |a DE-627  |b ger  |c DE-627  |e rda 
041 |a fre 
044 |c XA-FR 
050 0 |a K 
050 0 |a K970 
082 0 |a 345  |2 14 
100 1 |a Fournier, May  |e VerfasserIn  |4 aut 
245 1 3 |a La justice restaurative  |b pour une approche plus humaine du crime  |c May Fournier 
264 1 |a Paris  |b L'Harmattan  |c [2024] 
300 |a 153 Seiten  |c 22 cm 
336 |a Text  |b txt  |2 rdacontent 
337 |a ohne Hilfsmittel zu benutzen  |b n  |2 rdamedia 
338 |a Band  |b nc  |2 rdacarrier 
490 0 |a Controverses 
650 0 |a Restorative Justice  |0 http://id.loc.gov/authorities/subjects/sh99004087  |2 DLC 
650 0 |a Reparation (Criminal justice)  |0 http://id.loc.gov/authorities/subjects/sh85112899  |2 DLC 
856 4 2 |u https://swbplus.bsz-bw.de/bsz191241841Xinh.htm  |m V:DE-576  |m B:DE-Frei85  |v 20250805193120  |3 Inhaltsverzeichnis  |7 1 
935 |a mkri 
951 |a BO 
ELC |b 1 
LOK |0 000 xxxxxcx a22 zn 4500 
LOK |0 001 4737961485 
LOK |0 003 DE-627 
LOK |0 004 191241841X 
LOK |0 005 20250725110359 
LOK |0 008 250624||||||||||||||||ger||||||| 
LOK |0 040   |a DE-Frei85  |c DE-627  |d DE-Frei85 
LOK |0 852   |a DE-Frei85 
LOK |0 852 1  |m p  |9 00 
LOK |0 938   |k p 
LOK |0 939   |a 24-06-25  |b l01 
ORI |a WA-MARC-krimdoka001.raw 
PDA |a yes